Кафедре прикладной математики 40 лет; Известия Томского политехнического университета [Известия ТПУ]; Т. 321, № 5 : Управление, вычислительная техника и информатика
| Parent link: | Известия Томского политехнического университета [Известия ТПУ]/ Томский политехнический университет (ТПУ).— , 2000- Т. 321, № 5 : Управление, вычислительная техника и информатика.— 2012.— [С. 238-242] |
|---|---|
| Hoofdauteur: | |
| Andere auteurs: | , |
| Samenvatting: | Заглавие с титульного листа Электронная версия печатной публикации Статья посвящена 40-летию основания кафедры прикладной математики. Представлена история развития кафедры, ее специализации и научные школы. |
| Taal: | Russisch |
| Gepubliceerd in: |
2012
|
| Reeks: | Страницы истории ТПУ |
| Onderwerpen: | |
| Online toegang: | http://earchive.tpu.ru/bitstream/11683/4549/1/bulletin_tpu-2012-321-5-49.pdf |
| Formaat: | MixedMaterials Elektronisch Hoofdstuk |
| KOHA link: | https://koha.lib.tpu.ru/cgi-bin/koha/opac-detail.pl?biblionumber=233500 |
MARC
| LEADER | 00000nla2a2200000 4500 | ||
|---|---|---|---|
| 001 | 233500 | ||
| 005 | 20240111132710.0 | ||
| 035 | |a (RuTPU)RU\TPU\book\254578 | ||
| 035 | |a RU\TPU\book\254577 | ||
| 090 | |a 233500 | ||
| 100 | |a 20130305d2012 k y0rusy50 ca | ||
| 101 | 0 | |a rus | |
| 102 | |a RU | ||
| 135 | |a drnn ---uucaa | ||
| 181 | 0 | |a i | |
| 182 | 0 | |a b | |
| 200 | 1 | |a Кафедре прикладной математики 40 лет |f В. А. Кочегуров, О. Г. Берестнева, Г. Е. Шевелев | |
| 203 | |a Текст |c электронный | ||
| 215 | |a 1 файл (2.2 Мб) | ||
| 225 | 1 | |a Страницы истории ТПУ | |
| 300 | |a Заглавие с титульного листа | ||
| 300 | |a Электронная версия печатной публикации | ||
| 330 | |a Статья посвящена 40-летию основания кафедры прикладной математики. Представлена история развития кафедры, ее специализации и научные школы. | ||
| 337 | |a Adobe Reader | ||
| 461 | 1 | |0 (RuTPU)RU\TPU\book\176237 |t Известия Томского политехнического университета [Известия ТПУ] |f Томский политехнический университет (ТПУ) |d 2000- | |
| 463 | 1 | |0 (RuTPU)RU\TPU\book\254124 |x 1684-8519 |t Т. 321, № 5 : Управление, вычислительная техника и информатика |v [С. 238-242] |d 2012 |p 261 с. | |
| 610 | 1 | |a кафедра прикладной математики | |
| 610 | 1 | |a юбилеи | |
| 610 | 1 | |a труды учёных ТПУ | |
| 610 | 1 | |a электронный ресурс | |
| 700 | 1 | |a Кочегуров |b В. А. |c математик |c профессор Томского политехнического университета |f 1931- |g Владимир Александрович |3 (RuTPU)RU\TPU\pers\13833 | |
| 701 | 1 | |a Берестнева |b О. Г. |c специалист в области информатики и вычислительной техники |c профессор Томского политехнического университета, доктор технических наук |f 1953- |g Ольга Григорьевна |3 (RuTPU)RU\TPU\pers\24545 |9 10845 | |
| 701 | 1 | |a Шевелев |b Г. Е. |c математик |c доцент Томского политехнического университета, кандидат физико-математических наук |f 1946- |g Геннадий Ефимович |3 (RuTPU)RU\TPU\pers\25956 |9 11806 | |
| 801 | 1 | |a RU |b 63413507 |c 20090623 |g PSBO | |
| 801 | 2 | |a RU |b 63413507 |c 20220124 |g PSBO | |
| 856 | 4 | |u http://earchive.tpu.ru/bitstream/11683/4549/1/bulletin_tpu-2012-321-5-49.pdf | |
| 942 | |c CF | ||